University chemistry / (Record no. 53252)
[ view plain ]
| 000 -LEADER | |
|---|---|
| fixed length control field | 00693nam a2200241 a 4500 |
| 001 - CONTROL NUMBER | |
| control field | 53252 |
| 003 - CONTROL NUMBER IDENTIFIER | |
| rucl marc code | BD-RjUL |
| 005 - DATE AND TIME OF LATEST TRANSACTION | |
| control field | 20211209075931.0 |
| 008 - FIXED-LENGTH DATA ELEMENTS--GENERAL INFORMATION | |
| fixed length control field | 161004s1995 ii a b 001 0 eng |
| 035 ## - SYSTEM CONTROL NUMBER | |
| System control number | (BD-RjUL)53372 |
| 040 ## - CATALOGING SOURCE | |
| Original cataloging agency | DLC |
| Transcribing agency | DLC |
| Modifying agency | DLC |
| -- | BD-RjUL |
| Language of cataloging | eng |
| 041 ## - LANGUAGE CODE | |
| Language code of text/sound track or separate title | eng |
| 082 00 - DEWEY DECIMAL CLASSIFICATION NUMBER | |
| Classification number | 540 |
| Edition number | 23 |
| Author mark and year | MUU 1995 |
| 100 1# - MAIN ENTRY--PERSONAL NAME | |
| Personal name | Murthy, C. Parameswara |
| 9 (RLIN) | 159177 |
| 245 10 - TITLE STATEMENT | |
| Title | University chemistry / |
| Statement of responsibility, etc. | C. Parameswara Murthy, Syed Fazal Mehdi Ali and D. Ashok |
| 260 ## - PUBLICATION, DISTRIBUTION, ETC. (IMPRINT) | |
| Place of publication, distribution, etc. | India : |
| Name of publisher, distributor, etc. | New Age, |
| Date of publication, distribution, etc. | 1995 |
| 300 ## - PHYSICAL DESCRIPTION | |
| Pagination | Vol. : |
| Illustrations | ill. ; |
| Size | 25 cm. |
| 505 ## - FORMATTED CONTENTS NOTE | |
| Formatted contents note | Vol. 1. -- |
| 650 #0 - SUBJECT ADDED ENTRY--TOPICAL TERM | |
| Topical term or geographic name as entry element | Chemistry |
| 9 (RLIN) | 159178 |
| 700 ## - ADDED ENTRY--PERSONAL NAME | |
| Personal name | Ali, Syed Fazal Mehdi |
| Personal name | Ashok, D. |
| 942 ## - ADDED ENTRY ELEMENTS (KOHA) | |
| Source of classification or shelving scheme | Dewey Decimal Classification |
| Koha item type | Books |
| Lost status | Source of classification or shelving scheme | Damaged status | Not for loan | Collection code | Permanent Location | Current Location | Shelving location | Date acquired | Source of acquisition | Cost, normal purchase price | Total Checkouts | Full call number | Date last seen | Copy number | Koha item type |
|---|---|---|---|---|---|---|---|---|---|---|---|---|---|---|---|
| Dewey Decimal Classification | Non-fiction | Central Library, University of Rajshahi | Central Library, University of Rajshahi | 12/10/2010 | Paragon Enterprises ltd.Dhaka | 165.00 | 540 MUU V-1 1995 | 04/10/2016 | C-2 | Books | |||||
| Dewey Decimal Classification | Not For Loan | Non-fiction | Central Library, University of Rajshahi | Central Library, University of Rajshahi | Reading Room | 12/10/2010 | Paragon Enterprise | 165.00 | 540 MUU V-1 1995 | 03/04/2017 | C-1 | Books |